<?xml version="1.0" encoding="UTF-8"?>
<record
    xmlns:xsi="http://www.w3.org/2001/XMLSchema-instance"
    xsi:schemaLocation="http://www.loc.gov/MARC21/slim http://www.loc.gov/standards/marcxml/schema/MARC21slim.xsd"
    xmlns="http://www.loc.gov/MARC21/slim">

  <leader>01258nam0a22003131  4500</leader>
  <controlfield tag="001">rc\1091537</controlfield>
  <controlfield tag="005">20260405232329.0</controlfield>
  <datafield tag="035" ind1=" " ind2=" ">
    <subfield code="a">(NLR Aleph) 006338331</subfield>
  </datafield>
  <datafield tag="090" ind1=" " ind2=" ">
    <subfield code="a">7617882</subfield>
    <subfield code="c">7617882</subfield>
  </datafield>
  <datafield tag="100" ind1=" " ind2=" ">
    <subfield code="a">20041126d1983    |||y0rusy50      ca</subfield>
  </datafield>
  <datafield tag="101" ind1="0" ind2=" ">
    <subfield code="a">rus</subfield>
  </datafield>
  <datafield tag="102" ind1=" " ind2=" ">
    <subfield code="a">RU</subfield>
  </datafield>
  <datafield tag="105" ind1=" " ind2=" ">
    <subfield code="a">y   |||||||||</subfield>
  </datafield>
  <datafield tag="200" ind1="1" ind2=" ">
    <subfield code="a">&#x421;&#x432;&#x435;&#x440;&#x438;&#x43C; &#x432;&#x440;&#x435;&#x43C;&#x44F;</subfield>
    <subfield code="e">&#x421;&#x442;&#x438;&#x445;&#x43E;&#x442;&#x432;&#x43E;&#x440;&#x435;&#x43D;&#x438;&#x44F;</subfield>
    <subfield code="f">&#x410;&#x43B;&#x435;&#x43A;&#x441;&#x430;&#x43D;&#x434;&#x440; &#x41F;&#x430;&#x432;&#x43B;&#x43E;&#x432;</subfield>
  </datafield>
  <datafield tag="210" ind1=" " ind2=" ">
    <subfield code="a">&#x41C;.</subfield>
    <subfield code="c">&#x421;&#x43E;&#x432;&#x440;&#x435;&#x43C;&#x435;&#x43D;&#x43D;&#x438;&#x43A;</subfield>
    <subfield code="d">1983</subfield>
  </datafield>
  <datafield tag="215" ind1=" " ind2=" ">
    <subfield code="a">61 &#x441;.</subfield>
    <subfield code="d">16</subfield>
  </datafield>
  <datafield tag="225" ind1="1" ind2=" ">
    <subfield code="a">&#x41D;&#x43E;&#x432;&#x438;&#x43D;&#x43A;&#x438; "&#x421;&#x43E;&#x432;&#x440;&#x435;&#x43C;&#x435;&#x43D;&#x43D;&#x438;&#x43A;&#x430;"</subfield>
  </datafield>
  <datafield tag="327" ind1="0" ind2=" ">
    <subfield code="a">&#x426;&#x438;&#x43A;&#x43B;&#x44B;: &#x412;&#x437;&#x440;&#x43E;&#x441;&#x43B;&#x43E;&#x441;&#x442;&#x44C;; &#x413;&#x43E;&#x440;&#x44F;&#x447;&#x438;&#x435; &#x437;&#x432;&#x435;&#x437;&#x434;&#x44B;; &#x420;&#x430;&#x441;&#x442;&#x432;&#x43E;&#x440;&#x438;&#x442;&#x435; &#x43E;&#x43A;&#x43D;&#x43E;; &#x41C;&#x430;&#x439;&#x441;&#x43A;&#x438;&#x439; &#x441;&#x43D;&#x435;&#x433;</subfield>
  </datafield>
  <datafield tag="464" ind1=" " ind2="0">
    <subfield code="1">2001#$a&#x412;&#x437;&#x440;&#x43E;&#x441;&#x43B;&#x43E;&#x441;&#x442;&#x44C;</subfield>
    <subfield code="t">&#x412;&#x437;&#x440;&#x43E;&#x441;&#x43B;&#x43E;&#x441;&#x442;&#x44C;</subfield>
  </datafield>
  <datafield tag="464" ind1=" " ind2="0">
    <subfield code="1">2001#$a&#x413;&#x43E;&#x440;&#x44F;&#x447;&#x438;&#x435; &#x437;&#x432;&#x435;&#x437;&#x434;&#x44B;</subfield>
    <subfield code="t">&#x413;&#x43E;&#x440;&#x44F;&#x447;&#x438;&#x435; &#x437;&#x432;&#x435;&#x437;&#x434;&#x44B;</subfield>
  </datafield>
  <datafield tag="464" ind1=" " ind2="0">
    <subfield code="1">2001#$a&#x420;&#x430;&#x441;&#x442;&#x432;&#x43E;&#x440;&#x438;&#x442;&#x435; &#x43E;&#x43A;&#x43D;&#x43E;</subfield>
    <subfield code="t">&#x420;&#x430;&#x441;&#x442;&#x432;&#x43E;&#x440;&#x438;&#x442;&#x435; &#x43E;&#x43A;&#x43D;&#x43E;</subfield>
  </datafield>
  <datafield tag="464" ind1=" " ind2="0">
    <subfield code="1">2001#$a&#x41C;&#x430;&#x439;&#x441;&#x43A;&#x438;&#x439; &#x441;&#x43D;&#x435;&#x433;</subfield>
    <subfield code="t">&#x41C;&#x430;&#x439;&#x441;&#x43A;&#x438;&#x439; &#x441;&#x43D;&#x435;&#x433;</subfield>
  </datafield>
  <datafield tag="700" ind1=" " ind2="1">
    <subfield code="8">rus</subfield>
    <subfield code="7">ca</subfield>
    <subfield code="a">&#x41F;&#x430;&#x432;&#x43B;&#x43E;&#x432;</subfield>
    <subfield code="b">&#x410;. &#x411;.</subfield>
    <subfield code="c">&#x43F;&#x43E;&#x44D;&#x442;, &#x436;&#x443;&#x440;&#x43D;&#x430;&#x43B;&#x438;&#x441;&#x442;</subfield>
    <subfield code="f">1950-2011</subfield>
    <subfield code="g">&#x410;&#x43B;&#x435;&#x43A;&#x441;&#x430;&#x43D;&#x434;&#x440; &#x411;&#x43E;&#x440;&#x438;&#x441;&#x43E;&#x432;&#x438;&#x447;</subfield>
    <subfield code="3">RU\NLR\AUTH\77106151</subfield>
    <subfield code="9">89076</subfield>
  </datafield>
  <datafield tag="801" ind1=" " ind2="0">
    <subfield code="a">RU</subfield>
    <subfield code="b">NLR</subfield>
    <subfield code="g">psbo</subfield>
  </datafield>
  <datafield tag="801" ind1=" " ind2="1">
    <subfield code="a">RU</subfield>
    <subfield code="b">ELAR</subfield>
    <subfield code="2">rusmarc</subfield>
  </datafield>
  <datafield tag="852" ind1=" " ind2=" ">
    <subfield code="a">NLR</subfield>
    <subfield code="j">84-2/70</subfield>
  </datafield>
  <datafield tag="942" ind1=" " ind2=" ">
    <subfield code="c">BOOK</subfield>
  </datafield>
  <datafield tag="980" ind1=" " ind2=" ">
    <subfield code="a">NB</subfield>
  </datafield>
  <datafield tag="995" ind1=" " ind2=" ">
    <subfield code="5">2013-10-26</subfield>
    <subfield code="b">NLR01</subfield>
    <subfield code="c">NLR01</subfield>
    <subfield code="e">RF9</subfield>
    <subfield code="f">6338331-10</subfield>
    <subfield code="k">84-2/70</subfield>
    <subfield code="o">0</subfield>
    <subfield code="r">BOOK</subfield>
    <subfield code="s">84270_</subfield>
  </datafield>
</record>
